000 00631nmc a2200253 a 4500
003 AR-BaBNM
005 20251128203157.0
008 027019s1944 ||||||||||||||000 | spa||
040 _cAR-BaBNM
100 1 _aNalé Roxlo, Conrado
_d1898-1971
245 1 0 _aUna viuda difícil
_bfarsa en tres actos
260 _aBuenos Aires
_bPoseidón
_c1944
300 0 _a158 p.
490 0 _aPandora
_vv. 50
650 4 _aLITERATURA ARGENTINA
650 4 _aTEATRO
650 4 _aARTES ESCENICAS
650 4 _aHUMOR
650 4 _aLITERATURA CONTEMPORANEA
653 0 _aFARSA
655 _aLITERATURA
942 _cBK
998 _cMARTIN
999 _c2255
_d2255